[Event "HCL-E1575"]
[Site "www.playchess.de"]
[Date "2006.02.13"]
[Round "1"]
[White "freno"]
[Black "erlsto"]
[WhiteElo "1586"]
[BlackElo "1433"]
[PlyCount "59"]
[Result "1/2-1/2"]

1.e4 {Hello from Paris}  c5 {Greetings from 
Norway!}  2.b3 Nc6 3.Bb2 e6 4.Nf3 Nf6 5.e5 Nd5 
{So.. what are you doing for a living in France?}  
6.Bc4 {I am librarian, for the French national 
Library, in Paris. And you ?}  Nf4 {That sounds 
interesting. I am working at the airport here in 
Oslo, as one of the ground staff.}  7.O-O d5 8.Bb5 
{Is Oslo a nice place to live ?}  Bd7 {Oslo and 
Norway is generally a nice and quiet place, not 
very crowded.
But fairly expencive!!}  9.Bxc6 Bxc6 10.d3 Be7 
11.Qd2 Ng6 12.d4 Rc8 13.g3 cxd4 14.Qxd4 a6 15.Nbd2 
O-O 16.Rfc1 f6 17.Qe3 b6 18.exf6 Bxf6 19.Bxf6 Qxf6 
20.Nd4 Bd7 21.f4 e5 22.fxe5 Qxe5 23.Qxe5 Nxe5 
24.Rcf1 Bh3 25.Rxf8+ Rxf8 26.Re1 Ng6 27.c4 dxc4 
28.Nxc4 b5 29.Ne3 Ne5 30.Ng2 {(offering draw)} 
 1/2-1/2

[Event "HCL-M879"]
[Site "www.playchess.de"]
[Date "2006.02.13"]
[Round "13"]
[White "Catperson"]
[Black "spidey"]
[WhiteElo "2107"]
[BlackElo "1885"]
[PlyCount "49"]
[Result "1-0"]

1.d4 Nf6 2.c4 {Hi, good luck}  g6 3.Nc3 Bg7 4.e4 
d6 5.Nf3 O-O 6.h3 Na6 7.Bg5 c5 8.d5 Nc7 9.Bd3 a6 
10.a4 Rb8 11.a5 b5 12.axb6 Rxb6 13.Na4 Rb8 14.e5 
Nfe8 15.exd6 Nxd6 16.O-O a5 17.Nxc5 Na6 18.Nxa6 
Bxa6 19.Re1 f6 20.Bf4 Rxb2 21.Qc1 f5 22.Be5 Bxe5 
23.Nxe5 Rb7 24.Nc6 Qc8 25.Rxa5 1-0

[Event "HCL-A2523"]
[Site "www.playchess.de"]
[Date "2006.02.13"]
[Round "2"]
[White "mrchess"]
[Black "schachsky"]
[WhiteElo "1434"]
[BlackElo "1141"]
[PlyCount "85"]
[Result "1-0"]

1.d4 {prettige partij}  d5 {Dank je, eensgelijks!} 
 2.e3 Nc6 3.c3 e5 4.Bb5 Bd7 5.Bxc6 Bxc6 6.dxe5 Qd7 
7.Nf3 O-O-O 8.O-O Be7 9.Re1 f6 10.exf6 Nxf6 11.Ne5 
Qe6 12.Nxc6 Qxc6 13.Nd2 h5 14.Nf3 Ne4 15.Ne5 Qf6 
16.Nf3 g5 17.Qd4 Kb8 18.Qxf6 Bxf6 19.Nd4 h4 20.f3 
Nd6 21.b3 Rhe8 22.Bb2 Re7 23.Kf2 c5 24.Nc2 Rde8 
25.Rad1 b6 {tja,leidt weer tot niks ....}  26.Rxd5 
Kc7 27.Na3 Kc6 28.Rd3 Be5 29.Red1 Bxh2 30.R3d5 
Bg3+ 31.Ke2 R7xe3+ 32.Kd2 R3e2+ 33.Kc1 Bf4+ 34.Kb1 
Rxg2 35.Bc1 Re5 36.R5xd6+ Kc7 37.Bxf4 gxf4 38.Nb5+ 
Kb7 39.c4 Ree2 40.R6d7+ Kc8 {oops, ik zit nu in de 
verkeerde hoek, geloof ik ...}  41.R7d8+ {het zit 
je niet mee}  Kb7 {nou ja, ik doe het mezelf aan. 
Beter nadenken zou een stuk schelen .... -:)}  
42.R1d7+ Kc6 {alvast gefeliciteerd!}  43.Rc7+ 
{bedankt en tot zien maar weer} 
 1-0

[Event "HCL-A2571"]
[Site "www.playchess.de"]
[Date "2006.02.13"]
[Round "9"]
[White "jmulin"]
[Black "dayan2"]
[WhiteElo "1481"]
[BlackElo "1700"]
[PlyCount "34"]
[Result "0-1"]

1.e4 c5 2.Nf3 d6 3.d4 cxd4 4.Nxd4 Nf6 5.Nc3 a6 
6.Be2 g6 7.O-O Bg7 8.Be3 O-O 9.f4 Nc6 10.Bf3 Bd7 
11.Kh1 Rc8 12.g4 Nxd4 13.Bxd4 b5 14.g5 Ne8 15.f5 
gxf5 16.exf5 Bxf5 17.Bb7 Rc4 0-1

[Event "HCL-B3880"]
[Site "www.playchess.de"]
[Date "2006.02.13"]
[Round "2"]
[White "AlekSmart"]
[Black "payaso"]
[WhiteElo "1500"]
[BlackElo "1200"]
[PlyCount "49"]
[Result "1-0"]

1.d4 d5 2.c4 Nf6 3.cxd5 Qxd5 4.Nc3 Qa5 5.Bd2 e6 
6.a3 c5 7.e3 a6 8.Nd5 Qd8 9.Nxf6+ Qxf6 10.Nf3 cxd4 
11.exd4 Bd6 12.Bc3 Nd7 13.Bc4 O-O 14.O-O Nb6 
15.Qd3 Nxc4 16.Qxc4 Bd7 17.a4 Rfc8 18.Qd3 b5 19.b3 
Bc6 20.d5 Qe7 21.dxc6 Rcd8 22.Qe4 Rac8 23.Rfd1 
Bxh2+ 24.Nxh2 Rxd1+ 25.Rxd1 1-0

[Event "HCL-A2546"]
[Site "www.playchess.de"]
[Date "2006.02.13"]
[Round "9"]
[White "kylejmiles"]
[Black "mrchess"]
[WhiteElo "1472"]
[BlackElo "1489"]
[PlyCount "28"]
[Result "0-1"]

1.e4 c6 2.d4 d5 3.exd5 cxd5 4.Nf3 Bg4 5.Bf4 Qb6 
6.b3 Bxf3 7.Qxf3 Qxd4 8.Bb5+ Nc6 9.O-O Qxa1 
10.Qxd5 Qf6 11.Rd1 Qe6 12.Nc3 Nf6 13.Qf3 Rd8 
14.Rf1 g6 0-1

[Event "ACL-E211"]
[Site "www.playchess.de"]
[Date "2006.02.13"]
[Round "17"]
[White "susygusy"]
[Black "marietto"]
[WhiteElo "2035"]
[BlackElo "1715"]
[PlyCount "63"]
[Result "1-0"]

1.e4 {ciao, chi sei ??}  d5 {ciao, sono mario di 
milano}  2.exd5 {io gianni di milano}  Qxd5 3.Nc3 
Qa5 4.d4 Nf6 5.Nf3 Bf5 6.Bc4 e6 7.Bd2 Qb6 8.d5 
Nbd7 9.dxe6 fxe6 10.O-O O-O-O 11.Qe1 h6 12.Be3 c5 
13.a4 a6 14.Bf4 Qb4 15.a5 Bxc2 16.Qe2 Bb3 17.Nd2 
Bxc4 18.Nxc4 e5 19.Be3 Kb8 20.Ra4 Qb3 21.Rfa1 g5 
22.R1a3 Qb5 23.Nxb5 axb5 24.a6 bxa4 25.Qf3 bxa6 
26.Qc6 Rc8 27.Qxa6 Rc7 28.Rxa4 Rb7 29.Bd2 Nd5 
30.Qa8+ Kc7 31.Ba5+ N7b6 32.Nxb6 1-0

[Event "HCL-B3734"]
[Site "www.playchess.de"]
[Date "2006.02.13"]
[Round "32"]
[White "dc"]
[Black "ulibear"]
[WhiteElo "919"]
[BlackElo "1296"]
[PlyCount "61"]
[Result "1-0"]

1.e4 {:-)}  c6 {same to you!}  2.e5 d5 3.d4 Bf5 
4.Na3 e6 5.h3 Bb4+ 6.Bd2 Qa5 7.c3 Bxa3 8.c4 Bb4 
9.Nf3 Bxd2+ 10.Nxd2 dxc4 11.Bxc4 b5 12.O-O bxc4 
13.Nxc4 Qc7 14.Nd6+ Kf8 15.Qf3 Bg6 16.Rac1 Ne7 
17.h4 h5 18.Nb5 Qd7 19.Nd6 Nf5 20.b4 Nxd6 21.exd6 
Qxd6 22.b5 Qd5 23.Qf4 Qd7 24.Rc5 a6 25.b6 Bd3 
26.Rd1 Bb5 27.d5 exd5 28.Rd4 Qe7 29.Rc3 Qe1+ 
30.Kh2 Qe6 31.b7 1-0

[Event "HCL-B3857"]
[Site "www.playchess.de"]
[Date "2006.02.13"]
[Round "10"]
[White "Rale"]
[Black "rvvillal"]
[WhiteElo "1902"]
[BlackElo "1086"]
[PlyCount "27"]
[Result "1-0"]

1.e4 c5 {Good Luck!!!}  2.Nf3 Nc6 3.d4 d6 4.d5 Ne5 
5.Nxe5 dxe5 6.Nc3 e6 7.Bb5+ Bd7 8.dxe6 fxe6 9.Qh5+ 
g6 10.Qxe5 Nf6 11.Bg5 Bg7 12.Rd1 O-O 13.Rxd7 Qc8 
{=(}  14.Qxe6+ 1-0

[Event "HCL-C4168"]
[Site "www.playchess.de"]
[Date "2006.02.13"]
[Round "3"]
[White "donsimon"]
[Black "nichju"]
[WhiteElo "1100"]
[BlackElo "1037"]
[PlyCount "23"]
[Result "1-0"]

1.e4 e5 2.Nf3 Nc6 3.d4 f6 4.Nc3 exd4 5.Nxd4 Bb4 
6.Bd2 Nxd4 7.a3 Bd6 8.Qh5+ g6 9.Qd5 Nxc2+ 10.Kd1 
Nxa1 11.Bc4 Ne7 12.Qf7+ 1-0

[Event "HCL-E1490"]
[Site "www.playchess.de"]
[Date "2006.02.13"]
[Round "4"]
[White "Rustaveli"]
[Black "afraxseey2"]
[WhiteElo "1790"]
[BlackElo "2100"]
[PlyCount "77"]
[Result "1-0"]

1.e4 {Greetings from Brazil.}  c5 2.Bc4 e6 3.Qe2 
Nc6 4.c3 Nf6 5.d3 Be7 6.Nf3 a6 7.Bb3 Qc7 8.Bg5 b5 
9.Nbd2 Bb7 10.Rc1 Ne5 11.Nxe5 Qxe5 12.f4 Qc7 
13.O-O c4 14.dxc4 bxc4 15.Bxc4 Qb6+ 16.Kh1 O-O 
17.Bb3 d5 18.e5 h6 19.exf6 hxg5 20.fxe7 Rfe8 
21.fxg5 Rxe7 22.Nf3 Bc6 23.Nd4 Bb7 24.Rce1 Rd8 
25.Qh5 e5 26.Rf3 Qg6 27.Qxg6 fxg6 28.Bc2 Rdd7 
29.Rfe3 e4 30.Nb3 Ref7 31.Nc5 Rde7 32.Nxb7 Rexb7 
33.Bb3 Rf5 34.h4 a5 35.R3xe4 Rb8 36.R4e8+ Rxe8 
37.Rxe8+ Kf7 38.Rd8 Ke6 39.Ra8 1-0

[Event "HCL-B3858"]
[Site "www.playchess.de"]
[Date "2006.02.13"]
[Round "20"]
[White "Viking"]
[Black "IRONMAIDEN"]
[WhiteElo "1087"]
[BlackElo "1206"]
[PlyCount "64"]
[Result "0-1"]

1.d4 d5 2.c4 Nf6 3.Nf3 e6 4.e3 Bb4+ 5.Nbd2 Ne4 
6.Qa4+ Nc6 7.Bd3 Bxd2+ 8.Nxd2 Nxd2 9.Bxd2 O-O 
10.O-O Bd7 11.Qc2 g6 12.e4 dxe4 13.Bxe4 Rb8 
14.Rfe1 Nxd4 15.Qd3 Nc6 16.Bh6 Re8 17.g3 Ne5 
18.Qd4 Qf6 19.Rad1 b6 20.b4 Rbd8 21.b5 Bc8 22.Qc3 
Ng4 23.Qxf6 Nxf6 24.Rxd8 Rxd8 {you`re a good, 
inventive player.}  25.Bg5 {Thanks.  Our games 
seem to be full of complications!}  Kg7 {that`s 
just good and not boring at all}  26.Bf3 Rd3 
27.Kg2 h6 28.Bf4 g5 29.Be5 Kg6 30.Bxc7 g4 31.Be4+ 
Nxe4 32.Rxe4 Bb7 0-1

[Event "HCL-B3777"]
[Site "www.playchess.de"]
[Date "2006.02.13"]
[Round "9"]
[White "ArthurDent"]
[Black "dg"]
[WhiteElo "981"]
[BlackElo "1209"]
[PlyCount "122"]
[Result "0-1"]

1.e4 e5 2.Nf3 d6 3.Nc3 Bg4 4.h3 Bxf3 5.gxf3 Qf6 
6.Nd5 Qd8 7.d4 Nc6 8.Bb5 Nge7 9.Bg5 f6 10.Nxf6+ 
gxf6 11.Bxf6 Rg8 12.dxe5 dxe5 13.Bxe5 Qxd1+ 
14.Rxd1 Rc8 15.Bf6 Rd8 16.Rxd8+ Kxd8 17.c3 Rg6 
18.Bd4 a6 19.Bd3 Rd6 20.e5 Rd7 21.Rg1 Nxd4 22.cxd4 
Rxd4 23.Bxh7 Bh6 24.Ke2 Rd2+ 25.Ke1 Rxb2 26.a4 Ra2 
27.Be4 Ra1+ 28.Ke2 {Bummer, nice move.}  Rxg1 
{thanx}  29.Bxb7 Rh1 30.Bxa6 Rxh3 31.Bb5 Nd5 
32.Bc6 Nf4+ 33.Ke3 Ke7 34.a5 Rh1 35.Bb5 Nd5+ 
36.Kd4 Ke6 37.a6 Nb6 38.Kc5 Rc1+ 39.Kb4 Kxe5 
40.Bd3 Ra1 41.Kc5 Na8 42.Kc6 Ra3 43.Be2 Rb3 44.Bf1 
Rxf3 45.Kb7 Rf8 46.a7 Kf4 47.Bg2 Bg7 48.Ka6 Nb6 
49.Kb7 c5 50.Kxb6 c4 51.Bc6 Bd4+ 52.Kb7 Rf7+ 
53.Ka6 Rxa7+ 54.Kb5 c3 55.Kc4 c2 56.Kxd4 c1Q 
57.Kd5 Ra5+ 58.Kd6 Qc5+ 59.Kc7 Ra6 60.Kb7 Qxc6+ 
61.Kb8 Ra8+ {gg...thanx}  0-1

[Event "HCL-A2602"]
[Site "www.playchess.de"]
[Date "2006.02.13"]
[Round "20"]
[White "RUDI"]
[Black "PhilipKaveny"]
[WhiteElo "1247"]
[BlackElo "1318"]
[PlyCount "84"]
[Result "1/2-1/2"]

1.c4 {good morning. here `s Rudi with the 
3-game-rule, which I will apply in this game.}  g6 
2.d4 d6 3.Nf3 Bg7 4.Bf4 {what a drama on the last 
one. So I don`t have to apply the 3-Game-Rule...}  
Nf6 {Yes that was very good did I miss anything. 
Again I think it was much harder for you since I 
always  had the draw}  5.Nc3 {you gave me no 
chance to win throughout.
I think we both get better by playing. Oh what 
pleasure to look at the tournament-list - me No.1 
with 1,5 points! never seen b4! (in A-League, of 
course)}  O-O {:) your English is just so good  I 
will check out your tournaments. My goal is to 
keep my wins and loses even I slipped behind a 
bit.}  6.e3 {I saw you are at 49%, I am at 51% 
...
makes 100% ... hard to keep it up in A-League but 
this should be the target}  e5 {Same here this 
time you will get a more open Game with me}  
7.dxe5 {good. take your time, I`ll be out for 
business a lot and move only occasionally the 
coming days}  Ng4 8.exd6 cxd6 9.Bxd6 Re8 {I am off 
to Class By the way I will finnish tied for first 
in another touranment we are playing---Maybe I am 
as Ray Charles said Busted here}  10.Bxb8 {maybe}  
Bxc3+ 11.bxc3 Qa5 12.Qc1 {you definetely changed 
your style!}  Rxb8 {Must keep things interesting}  
13.Be2 {that`s what you do}  Be6 14.O-O Rbc8 
15.Nd2 Ne5 16.Nb3 Qc7 {Not Looking Good For the 
big Guy}  17.c5 {who is the big guy?}  Bxb3 {Thats 
me}  18.axb3 {okay, so take this pawn and it`ll 
look much better}  Qxc5 {It may be a greek gift}  
19.c4 {but you took it anyway.}  Nc6 20.Bf3 a5 
21.Rd1 b6 22.Rd5 Qf8 23.Qc3 Rcb8 24.Rad1 Rbd8 
25.R5xd8 Nxd8 {clever little trap my friend did I 
miss the real one}  26.Qf6 {you are too good for 
little traps}  Ne6 27.Bd5 Qg7 28.Qxg7+ Kxg7 
29.Bxe6 Rxe6 30.Rd4 Kf6 31.g3 h5 32.Kg2 Ke7 33.Kf3 
Rf6+ 34.Rf4 Rxf4+ {this might not be best for me 
But run rabbit run as they say}  35.Kxf4 {this is 
not best for you, that`s right. but sometimes I 
have to win}  Kd6 {You have not won yet and may 
not :)}  36.Ke4 {trust me...}  Kc5 {Whats not to 
trust You seem to lose your pawn on be 3}  37.Kd3 
{trust me anyway}  Kb4 38.Kc2 f5 39.f3 a4 40.bxa4 
Kxc4 41.e4 fxe4 42.fxe4 Kd4 {(offering draw)} 
 1/2-1/2

[Event "HCL-A2587"]
[Site "www.playchess.de"]
[Date "2006.02.13"]
[Round "8"]
[White "Kinslayer"]
[Black "k_a_n_i_b_a_l"]
[WhiteElo "1684"]
[BlackElo "1580"]
[PlyCount "35"]
[Result "1-0"]

1.d4 Nf6 2.Bf4 d5 3.e3 Nc6 4.Nd2 e6 5.Ngf3 Bd6 
6.Bg3 Bd7 7.c3 a6 8.a4 O-O 9.Bd3 Ne7 10.Ne5 Ng6 
11.f4 Ne8 12.Nxg6 fxg6 13.Nf3 Be7 14.O-O g5 15.Ne5 
gxf4 16.exf4 Bh4 17.Qh5 g6 {gg}  18.Qxh4 {thx} 
 1-0

[Event "HCL-B3860"]
[Site "www.playchess.de"]
[Date "2006.02.13"]
[Round "11"]
[White "evets"]
[Black "Saladin"]
[WhiteElo "1392"]
[BlackElo "1328"]
[PlyCount "54"]
[Result "0-1"]

1.d4 e6 2.e4 d5 3.e5 Bb4+ 4.c3 Bf8 5.Nf3 h6 6.Qb3 
g6 7.Bd3 Ne7 8.O-O a5 9.a4 b6 10.c4 dxc4 11.Bxc4 
Ba6 12.Bxa6 Nxa6 13.Nc3 Nf5 14.Ne4 Nxd4 15.Nxd4 
Qxd4 16.Nf6+ Ke7 17.Rd1 Qxe5 18.Nd7 Nc5 19.Qb5 Rd8 
20.Nxe5 Rxd1+ 21.Qf1 Rxf1+ 22.Kxf1 Nb3 23.Rb1 Kf6 
24.Nd7+ Kg7 25.Bf4 Bd6 26.Be5+ Bxe5 27.Nxe5 
Nd2+ 0-1

[Event "HCL-C4081"]
[Site "www.playchess.de"]
[Date "2006.02.13"]
[Round "10"]
[White "maulwurf"]
[Black "newplayer"]
[WhiteElo "1240"]
[BlackElo "1085"]
[PlyCount "72"]
[Result "0-1"]

1.e4 d5 2.Nc3 c6 3.d4 Nf6 4.e5 Ne4 5.Na4 b5 6.Nc5 
Nxc5 7.dxc5 e6 8.b4 a5 9.Bd2 axb4 10.Bxb4 Na6 
11.a3 Nxb4 12.axb4 Rxa1 13.Qxa1 Qc7 14.Nf3 Be7 
15.Bd3 O-O 16.O-O Bb7 17.Qd4 Ra8 18.Ra1 Qb8 19.h4 
f6 20.g3 fxe5 21.Qxe5 Qxe5 22.Nxe5 {oh, big 
mistake in my calculation...}  Rxa1+ {stimmt bist 
jetzt mit einem turm hinten wird schwer werden 
fuer dich}  23.Kg2 Bf6 24.Nf3 d4 25.c4 Rd1 26.Be2 
Rb1 27.Nd2 Rb2 28.cxb5 Rxd2 29.Bf3 Rb2 30.bxc6 Ba6 
31.Be4 d3 32.c7 Rxb4 33.Bxd3 Bb7+ 34.Kh2 Bd4 
35.Be4 Bc8 36.c6 Bxf2 0-1

[Event "HCL-B3849"]
[Site "www.playchess.de"]
[Date "2006.02.13"]
[Round "5"]
[White "garden"]
[Black "evets"]
[WhiteElo "1084"]
[BlackElo "1367"]
[PlyCount "80"]
[Result "0-1"]

1.e4 e6 2.Nc3 d5 3.e5 c5 4.Na4 Nc6 5.Bb5 Bd7 6.d4 
a6 7.Bxc6 Bxc6 8.dxc5 Bxc5 9.Nxc5 Qa5+ 10.c3 Qxc5 
11.Be3 Qb5 12.Qb3 Qxb3 13.axb3 d4 14.Bxd4 Bxg2 
15.f3 Bxh1 16.Kf2 Ne7 17.Nh3 Bxf3 18.Kxf3 O-O 
19.Bc5 Rfe8 20.Rd1 Nc6 21.Ke4 Na5 22.b4 Nb3 23.Bb6 
Rac8 24.Rd7 Rc4+ 25.Kd3 Rh4 26.Ng5 Rxh2 27.Nxf7 
Rd2+ 28.Kc4 Rxd7 29.Nd6 Nd2+ 30.Kd3 h5 31.Kxd2 Rf8 
32.Kc2 h4 33.Bc5 Rf1 34.Kb3 h3 35.Ne4 h2 36.Ng3 
Rg1 37.Bxg1 hxg1Q 38.Ne4 Qd1+ 39.Ka2 Qa4+ 40.Kb1 
Rd1+ 0-1

[Event "HCL-C4081"]
[Site "www.playchess.de"]
[Date "2006.02.13"]
[Round "6"]
[White "DavidFields"]
[Black "maulwurf"]
[WhiteElo "1178"]
[BlackElo "1240"]
[PlyCount "77"]
[Result "1-0"]

1.d4 {hello from Texas, USA}  d5 {hello cowboy, 
I'm from Bavaria, Germany}  2.c4 dxc4 3.e4 b5 
4.Nc3 a6 5.f4 c5 6.d5 e6 7.dxe6 Qxd1+ 8.Nxd1 Bxe6 
9.Nf3 Bg4 10.Be2 Bd6 11.Ne3 Bxf3 12.Bxf3 Bxf4 
13.O-O Nc6 14.e5 Rc8 15.Bxc6+ Rxc6 {bush sucks}  
16.Rxf4 {what leads you to that conclusion?}  f6 
{iraq!}  17.Ng4 fxe5 18.Nxe5 Nf6 19.a4 Re6 20.Nf3 
O-O 21.axb5 axb5 22.Ra5 Rd8 23.Bd2 Rb8 24.Kf2 b4 
25.Rxc4 b3 {my answer seems very rare to you, i 
guess, but isn´t it so that violence promotes 
counter-violence?}  26.Ng5 {yes, violence promotes 
violence.people defend themselves or what they 
feel is right and just.But,at times violence can 
be justified to stop or limit future "perceived" 
violence.A preemptive strike.}  Rd6 {what does "at 
times" means?perhaps that basic rules like "actio 
equal reactio" are not true? I think its a big 
mistake making preemptive strikes in order to 
reach peace-or isn't this the aim?reasoned that is 
not the aim...mad world (I hope you understand)}  
27.Bf4 {I believe that violence is sometimes 
necessary to prevent greater violence in the 
future.I believe that the world is a safer place 
without Hussein.He was only going to grow stronger 
and more dangerous.}  Ng4+ {Bad luck for Hussein 
being not strong enough, I think the war on iraq 
was a rentable mission in order to get power in 
the near eastern world, which is getting more and 
more important due to fossile fuel...}  28.Kg3 {:) 
 It's ALWAYS about money.What do you think about 
Iran? Will violence be necessary?}  Ne3 29.Bxe3 h6 
{I hope one finds a diplomatic answer concerning 
iran, which excludes violence! I agree with you 
about the importance of money, but in europe we 
would write "ALWAYS" in small letters and 
relativate it with terms like moral and 
social	awareness.}  30.Ne4 {Unfortunately, here 
MONEY is all important.  :(}  Rg6+ 31.Kf3 Rf8+ 
32.Bf4 Re6 33.Raxc5 g5 34.Nxg5 hxg5 35.Rxg5+ Kf7 
36.Rb4 Rg6 37.Rxg6 Kxg6 38.Rxb3 Rf6 
39.g4 1-0

[Event "HCL-E1533"]
[Site "www.playchess.de"]
[Date "2006.02.13"]
[Round "19"]
[White "Matu"]
[Black "kanturali"]
[WhiteElo "1553"]
[BlackElo "1978"]
[PlyCount "44"]
[Result "0-1"]

1.Nf3 Nf6 2.b3 d6 3.Bb2 e5 4.g3 Nc6 5.Bg2 Be7 
6.O-O O-O 7.e3 Bg4 8.h3 Bh5 9.g4 Bg6 10.a3 Ne4 
11.d3 Nc5 12.b4 Na4 13.Qc1 Nxb2 14.Qxb2 Bf6 
15.Nfd2 e4 16.d4 Re8 17.c4 Qd7 18.Nc3 h5 19.gxh5 
Bf5 20.Ncxe4 Bxh3 21.Nxf6+ gxf6 22.b5 
Qg4 0-1

[Event "HCL-A2587"]
[Site "www.playchess.de"]
[Date "2006.02.13"]
[Round "10"]
[White "foinaven"]
[Black "k_a_n_i_b_a_l"]
[WhiteElo "1453"]
[BlackElo "1580"]
[PlyCount "48"]
[Result "0-1"]

1.e4 e5 2.Nf3 Nc6 3.Bb5 d6 4.d3 Bd7 5.Nc3 Nf6 
6.O-O Be7 7.Bg5 O-O 8.h3 h6 9.Bh4 Nh7 10.Bxe7 Qxe7 
11.Qd2 f5 12.Rae1 fxe4 13.dxe4 Bxh3 14.Qe3 Bg4 
15.Nd5 Qd7 16.Nh2 Be6 17.Red1 Ng5 18.c4 Qf7 
19.Rfe1 Nd4 20.Ba4 c6 21.Nc3 Bxc4 22.f3 Qg6 23.b4 
Ngxf3+ 24.Nxf3 Nxf3+ 0-1

[Event "HCL-E1529"]
[Site "www.playchess.de"]
[Date "2006.02.13"]
[Round "6"]
[White "chochoyp"]
[Black "gambitfan"]
[WhiteElo "2080"]
[BlackElo "1363"]
[PlyCount "39"]
[Result "1-0"]

1.e4 {bonne partie}  c5 {you too}  2.Nf3 d6 3.d4 
cxd4 4.Nxd4 Nf6 5.Nc3 a6 6.h3 e6 7.Be3 b5 8.Bd3 b4 
9.Nce2 Bb7 10.Ng3 Be7 11.O-O O-O 12.f4 Nbd7 13.Qf3 
Rc8 14.Nb3 a5 15.a3 d5 16.e5 Ne8 17.axb4 axb4 
18.Ra7 Rb8 19.Na5 Bc5 20.Nxb7 1-0

[Event "HCL-B3692"]
[Site "www.playchess.de"]
[Date "2006.02.13"]
[Round "10"]
[White "Hort_BR"]
[Black "JMD"]
[WhiteElo "1745"]
[BlackElo "1354"]
[PlyCount "119"]
[Result "1-0"]

1.d4 Nf6 2.c4 c5 3.d5 e6 4.Nc3 exd5 5.cxd5 d6 6.e4 
Qe7 7.Bd3 h6 8.Nge2 Qc7 9.O-O a6 10.a4 Bg4 11.f3 
Bh5 12.Be3 Nbd7 13.Nf4 g5 14.Nxh5 Nxh5 15.g3 Bg7 
16.f4 Nxg3 17.hxg3 O-O-O 18.fxg5 Ne5 19.Bf4 hxg5 
20.Bxe5 Bxe5 21.Qg4+ Kb8 22.Kg2 f6 23.Rfh1 Qb6 
24.Qe2 Ka7 25.Rxh8 Rxh8 26.Rh1 Rxh1 27.Kxh1 Bxg3 
28.Kg2 Bf4 29.Kf1 Bc1 30.Nd1 Qb4 31.Qc2 Bf4 32.b3 
Bg3 33.Qc3 Qa3 34.Ne3 Be5 35.Nc4 Bxc3 36.Nxa3 Kb6 
37.Nc4+ Kc7 38.a5 Bd4 39.Kg2 Kd7 40.Be2 Kc7 41.Kg3 
Kd7 42.Bg4+ Kc7 43.Be6 Bc3 44.Kg4 Bd4 45.Kf5 Bc3 
46.Kg6 Bd4 47.Kf7 Bc3 48.Ke7 Bd4 49.Nxd6 b6 
50.axb6+ Kxb6 51.Nc8+ Kc7 52.d6+ Kc6 53.d7 Be5 
54.d8Q Bc7 55.Qe8+ Kb7 56.Bd5+ Kb8 57.Nd6+ Ka7 
58.Qc6 Bxd6+ 59.Kxd6 a5 60.Qb7+ 1-0

[Event "HCL-C4118"]
[Site "www.playchess.de"]
[Date "2006.02.13"]
[Round "8"]
[White "Innessa"]
[Black "gordi"]
[WhiteElo "884"]
[BlackElo "1270"]
[PlyCount "65"]
[Result "1-0"]

1.b3 {Hi ! Good luck !}  e5 2.Bb2 Nc6 3.e4 Nf6 
4.d3 Bc5 5.Nf3 d6 6.Nbd2 O-O 7.g3 Bg4 8.Bg2 Re8 
9.O-O a6 10.a4 d5 11.c4 dxe4 12.dxe4 Qc8 13.Ba3 
Bd4 14.Rb1 b5 15.cxb5 axb5 16.Qc1 b4 17.Bb2 Qb7 
18.h3 Bxf3 19.Nxf3 Na5 20.Bxd4 exd4 21.Nxd4 Nxe4 
22.Bxe4 Rxe4 23.Nb5 Nc6 24.Qd1 h6 25.Qf3 Nd4 
26.Nxd4 Rae8 27.Nb5 Qc8 28.Rbc1 R8e7 29.Nxc7 Rxc7 
30.Rxc7 Qxc7 31.Qxe4 {Sorry !!}  Qc3 {Dont feel 
sorry. You are outplaying me.}  32.Qe8+ {We have 
good play !}  Kh7 33.Qxf7 {Q x b3 is not really !} 
 1-0

[Event "HCL-E1564"]
[Site "www.playchess.de"]
[Date "2006.02.13"]
[Round "19"]
[White "Emerson"]
[Black "XANDERKIRV"]
[WhiteElo "1790"]
[BlackElo "1468"]
[PlyCount "81"]
[Result "1-0"]

1.c4 {welcome, dear chessfriend, and good luck in 
our group!}  e5 {good luck.}  2.Nc3 c6 3.Nf3 d6 
4.d3 h6 5.g3 Nf6 6.Bg2 Nbd7 7.O-O Be7 8.h3 O-O 
9.e4 Re8 10.Nh2 a6 11.Be3 Nf8 12.f4 exf4 13.gxf4 
Ng6 14.Qe1 Bd7 15.d4 Qc8 16.f5 Nf8 17.Qg3 Kh8 
18.Ng4 Nxg4 19.Qxg4 Nh7 20.h4 Nf6 21.Qf3 Bf8 
22.Rae1 b5 23.cxb5 axb5 24.a3 Qb8 25.Rf2 b4 
26.axb4 Qxb4 27.Qd1 Ra6 28.Bf1 Ra5 29.Bd3 Rea8 
30.Ne2 Qxb2 31.Bc1 Qb6 32.Bc4 Nxe4 33.Rf4 Nf6 
34.Bxf7 Rxf5 35.Qd3 Rxf4 36.Nxf4 g5 37.hxg5 hxg5 
38.Kg2 Ra2+ 39.Bxa2 gxf4 40.Qg6 Bg7 
41.Rh1+ 1-0

[Event "HCL-A2554"]
[Site "www.playchess.de"]
[Date "2006.02.13"]
[Round "8"]
[White "Jule"]
[Black "GCP"]
[WhiteElo "1432"]
[BlackElo "1404"]
[PlyCount "96"]
[Result "0-1"]

1.e4 {Hello again. And it´s following the next 
game. Good luck}  d6 {have a nice tournament}  
2.d4 Nf6 3.Nc3 g6 4.h3 Bg7 5.Nf3 O-O 6.Bd3 Nbd7 
7.O-O c5 8.d5 a6 9.a4 b6 10.Bf4 Bb7 11.Re1 Nh5 
12.Bh2 Rc8 13.e5 c4 14.Bf1 Nxe5 15.Bxe5 dxe5 
16.Nxe5 b5 17.axb5 axb5 18.Ra7 Ba8 19.Nf3 Nf6 
20.Raxe7 Nxd5 21.Nxd5 Bxd5 22.b3 Be6 23.Qxd8 Rfxd8 
24.bxc4 Bxc4 25.Bxc4 Rxc4 26.R7e8+ Rxe8 27.Rxe8+ 
Bf8 28.Ne5 Re4 29.f4 f6 30.Nd7 Rxe8 31.Nxf6+ Kf7 
32.Nxe8 Kxe8 33.g4 Kf7 34.Kg2 Ke6 35.Kf3 Kd5 
36.Ke3 b4 37.Kd3 Bd6 38.f5 gxf5 39.gxf5 Ke5 40.f6 
Kxf6 41.Ke4 Kg5 42.Kf3 Kh4 43.Kg2 h6 44.Kf3 Kxh3 
45.Kf2 Kg4 46.Kg2 Kf4 47.Kf2 h5 48.Kg2 
Ke3 0-1

[Event "HCL-A2582"]
[Site "www.playchess.de"]
[Date "2006.02.13"]
[Round "7"]
[White "gridguy"]
[Black "peta"]
[WhiteElo "1716"]
[BlackElo "1403"]
[PlyCount "26"]
[Result "0-1"]

1.d4 {Hi from Seattle... good luck!}  d5 {Hi 
gridguy from Gijón,same to you}  2.c4 dxc4 3.Nf3 
b5 4.g3 e6 5.Bg2 a6 6.Ne5 Ra7 7.d5 Qd6 8.Bf4 Qc5 
9.Be3 Qb4+ 10.Bd2 Qxb2 11.Bc3 Bb4 12.Bxb4 Qxa1 
13.d6 Qxe5 0-1

[Event "HCL-A2434"]
[Site "www.playchess.de"]
[Date "2006.02.13"]
[Round "21"]
[White "kali"]
[Black "GCP"]
[WhiteElo "1468"]
[BlackElo "1498"]
[PlyCount "94"]
[Result "0-1"]

1.Nf3 d6 {hi, have a good game}  2.g3 {Same to 
you!}  Bg4 3.Bg2 Nc6 4.d3 Qd7 5.O-O O-O-O 6.c4 h6 
7.Nc3 Nf6 8.a3 Bh3 9.b4 g5 10.b5 Ne5 11.Nxe5 dxe5 
12.Qa4 Bxg2 13.Kxg2 Kb8 14.Be3 b6 15.Qb3 Ng4 
16.Bd2 f5 17.a4 e4 18.Nd5 e6 19.Nb4 Bxb4 20.Bxb4 
exd3 21.exd3 Qxd3 22.Qxd3 Rxd3 23.Rfd1 Rhd8 
24.Rxd3 Rxd3 25.Ra3 Rd1 26.h3 Ne5 27.c5 Nd3 28.Rb3 
bxc5 29.Ba5 c4 30.Rc3 Nb2 31.Kf3 Rd3+ 32.Rxd3 cxd3 
33.Bc3 Nxa4 34.Bg7 h5 35.Bh6 g4+ 36.hxg4 hxg4+ 
37.Ke3 Nc3 38.Kxd3 Nxb5 39.Bf8 Kc8 40.Kc4 Nd6+ 
41.Kd4 Kd7 42.Bh6 Ne4 43.Be3 Kd6 44.Kc4 c6 45.Bxa7 
c5 46.Bb6 Kc6 47.Bd8 Nxf2 0-1